Find the Crossword Things (Blitz) Quiz Stats

 Plays Quiz Updated Jul 24, 2018

Score 0/20 Timer 01:00
0 Plays Today
% Correct
Sneakers
88.7%
Earrings
88.5%
Bathing suit
88%
Backpack
88%
Lamp
87.8%
Pen
87.6%
Dog collar
86.8%
Necktie
86.7%
Bowl
85.4%
Neck pillow
85%
% Correct
Phone case
84.8%
Mug
84.5%
Throw pillow
84.5%
Toilet paper
83%
Tote bag
81.9%
Votive candle
81.6%
Shower curtain
78.7%
Wrapping paper
73.4%
Cake
71.3%
Clock
66.7%

You're not logged in!

Compare scores with friends on all Sporcle quizzes.
OR
Log In

Sporcle TV

Today on Sporcle TV


Watch our educational content, quiz creation guides, and fun videos on Sporcle TV.

Show Comments

Extras

Top Quizzes Today


Score Distribution

Your Account Isn't Verified!

In order to create a playlist on Sporcle, you need to verify the email address you used during registration. Go to your Sporcle Settings to finish the process.

Report this User

Report this user for behavior that violates our Community Guidelines.

Details: